[Event "Titled Tuesday intern op 24th Sep Late"]
[Site "Chess.com INT"]
[Date "2024.09.24"]
[Round "1"]
[White "Bressy, Theo"]
[Black "Medina, Sergio"]
[Result "1-0"]
[WhiteElo "2179"]
[BlackElo "1921"]
[PlyCount "27"]
[EventDate "2024.09.24"]
[EventType "swiss (blitz)"]
[EventRounds "11"]
[EventCountry "USA"]
[SourceTitle "CB41_2024"]
[SourceDate "2024.10.09"]
[SourceVersion "1"]
[SourceVersionDate "2024.10.09"]
[SourceQuality "1"]

1. e4 e5 2. Nf3 Nf6 3. d4 Nxe4 4. dxe5 Bc5 5. Qd5 Bxf2+ 6. Ke2 f5 7. Nbd2 c6 8. Qb3 Qb6 9. Nxe4 fxe4 10. Ng5 Qxb3 11. axb3 Bc5 12. Nxe4 Bb6 13. Nd6+ Kd8 14. Nf7+ 1-0

[Event "Buenos Aires Philidor CC Christmas"]
[Site "Buenos Aires"]
[Date "2019.12.10"]
[Round "3.4"]
[White "Oyarzu, Eduardo"]
[Black "Medina, Sergio"]
[Result "1-0"]
[WhiteElo "2031"]
[BlackElo "1944"]
[PlyCount "99"]
[EventDate "2019.12.03"]
[EventType "swiss"]
[EventRounds "6"]
[EventCountry "ARG"]
[SourceTitle "EXT 2024"]
[Source "ChessBase"]
[SourceDate "2023.10.10"]
[SourceVersion "1"]
[SourceVersionDate "2023.10.10"]
[SourceQuality "1"]

1. c4 Nf6 2. g3 d6 3. Bg2 g6 4. Nf3 Bg7 5. d3 0-0 6. 0-0 c6 7. Nc3 Bd7 8. Rb1 Qc8 9. Re1 e5 10. b4 a6 11. a4 b5 12. axb5 axb5 13. Qc2 bxc4 14. dxc4 Bf5 15. e4 Be6 16. Qd3 Rd8 17. Rd1 Na6 18. Bf1 Rb8 19. Ba3 Bg4 20. Be2 h6 21. Kg2 Nc7 22. b5 c5 23. Bb2 Qb7 24. Ne1 Be6 25. Nc2 Na8 26. Ne3 Nb6 27. Ra1 Bf8 28. Ra6 Ra8 29. Rda1 Rxa6 30. Rxa6 Ra8 31. Rxa8 Qxa8 32. Ncd5 Bxd5 33. exd5 Qa2 34. Qa3 Qxa3 35. Bxa3 Ne4 36. f3 Nd2 37. Kf2 f5 38. Bd3 f4 39. gxf4 exf4 40. Ng4 g5 41. h4 Ndxc4 42. Bc1 Bg7 43. hxg5 hxg5 44. Kg2 Ne5 45. Nxe5 Bxe5 46. Be4 Kg7 47. Kh3 Kf6 48. Bd2 Nc4 49. Be1 Bd4 50. Kg4 1-0

[Event "Buenos Aires Philidor CC Christmas"]
[Site "Buenos Aires"]
[Date "2019.12.05"]
[Round "2.1"]
[White "Medina, Sergio"]
[Black "Semprevivo, Florencia"]
[Result "1/2-1/2"]
[WhiteElo "1944"]
[BlackElo "2063"]
[PlyCount "47"]
[EventDate "2019.12.03"]
[EventType "swiss"]
[EventRounds "6"]
[EventCountry "ARG"]
[SourceTitle "EXT 2024"]
[Source "ChessBase"]
[SourceDate "2023.10.10"]
[SourceVersion "1"]
[SourceVersionDate "2023.10.10"]
[SourceQuality "1"]

1. d4 Nf6 2. c4 e6 3. g3 d5 4. Bg2 c6 5. Nf3 Bd6 6. 0-0 0-0 7. b3 Ne4 8. Nfd2 f5 9. Ba3 Bxa3 10. Nxa3 Nc3 11. Qe1 dxc4 12. Nf3 Ne4 13. Nxc4 Nd7 14. Rd1 Qc7 15. Nfe5 Ndf6 16. f3 Nd6 17. e4 Nxc4 18. Nxc4 f4 19. Ne5 Bd7 20. Qc3 Rae8 21. b4 a6 22. Rb1 Bc8 23. b5 axb5 24. Rxb5 1/2-1/2

[Event "Merlo Societa Italiana 4th"]
[Site "Merlo"]
[Date "2008.06.27"]
[Round "5"]
[White "Medina, Sergio"]
[Black "Tomeo, Ivan"]
[Result "1-0"]
[WhiteElo "2099"]
[BlackElo "2076"]
[PlyCount "74"]
[EventDate "2008.06.13"]
[EventType "tourn"]
[EventRounds "9"]
[EventCountry "ARG"]
[SourceTitle "CBM 125 Extra"]
[Source "ChessBase"]
[SourceDate "2008.09.01"]
[SourceVersion "1"]
[SourceVersionDate "2008.09.01"]
[SourceQuality "1"]

1. d4 f5 2. Bg5 g6 3. Nc3 Bg7 4. e4 fxe4 5. Nxe4 Nf6 6. Nxf6+ exf6 7. Qe2+ Kf7 8. Qf3 Re8+ 9. Be3 d5 10. Bd3 Nc6 11. c3 Ne7 12. g4 a5 13. Ne2 a4 14. h4 b6 15. Ng3 Qd7 16. g5 f5 17. Ne2 Ba6 18. Bxa6 Rxa6 19. Nf4 Qb5 20. Qe2 Ra5 21. Qxb5 Rxb5 22. 0-0-0 c5 23. dxc5 bxc5 24. Nxd5 a3 25. b3 Nxd5 26. Rxd5 Bxc3 27. Kc2 Bh8 28. h5 Rb7 29. hxg6+ hxg6 30. Rh4 Rb4 31. Rh7+ Kg8 32. Rc7 f4 33. Bxc5 Rbe4 34. Rd6 R4e6 35. Rxe6 Rxe6 36. Kd3 Re5 37. Rc8+ Kf7 1-0

[Event "Merlo Societa Italiana 4th"]
[Site "Merlo"]
[Date "2008.06.20"]
[Round "3"]
[White "Medina, Sergio"]
[Black "Lugo, Sergio"]
[Result "1-0"]
[WhiteElo "2099"]
[BlackElo "1997"]
[PlyCount "53"]
[EventDate "2008.06.13"]
[EventType "tourn"]
[EventRounds "9"]
[EventCountry "ARG"]
[SourceTitle "CBM 125 Extra"]
[Source "ChessBase"]
[SourceDate "2008.09.01"]
[SourceVersion "1"]
[SourceVersionDate "2008.09.01"]
[SourceQuality "1"]

1. d4 d5 2. Bg5 Nf6 3. Bxf6 exf6 4. e3 Bd6 5. Bd3 0-0 6. Nd2 c6 7. c3 f5 8. Qc2 g6 9. g3 Nd7 10. Ngf3 Nf6 11. 0-0 Ne4 12. c4 Be6 13. c5 Be7 14. b4 g5 15. Ne1 Qd7 16. Ng2 Kh8 17. f3 Nxd2 18. Qxd2 h5 19. Qf2 Bf6 20. g4 h4 21. h3 Rg8 22. a4 Bd8 23. Kh1 Bc7 24. f4 gxf4 25. Nxf4 Bxf4 26. Qxf4 f6 27. gxf5 1-0

[Event "Faogba-ch Superior"]
[Site "Moron"]
[Date "2002.08.17"]
[Round "9"]
[White "Medina, Sergio"]
[Black "Ucha, Luis"]
[Result "0-1"]
[WhiteElo "2142"]
[BlackElo "2106"]
[PlyCount "65"]
[EventDate "2002.07.20"]
[EventType "swiss"]
[EventRounds "9"]
[EventCountry "ARG"]
[SourceTitle "EXT 2004"]
[Source "ChessBase"]
[SourceDate "2003.11.25"]
[SourceVersion "1"]
[SourceVersionDate "2003.11.25"]
[SourceQuality "1"]

1. d4 Nf6 2. c4 e6 3. Nc3 Bb4 4. e3 c5 5. Bd3 0-0 6. Nf3 Nc6 7. d5 Bxc3+ 8. bxc3 Ne7 9. e4 d6 10. 0-0 e5 11. Nh4 Ng6 12. Nf5 h6 13. Qf3 Nh7 14. Qg3 Qf6 15. Rb1 b6 16. h4 Bxf5 17. exf5 Nxh4 18. f4 e4 19. Bxe4 Rfe8 20. Bd3 Nxf5 21. Qh3 g6 22. Bd2 h5 23. g4 Re3 24. Rf3 hxg4 25. Qxg4 Rxf3 26. Qxf3 Kg7 27. Kf2 Qh4+ 28. Kg2 Rh8 29. Rg1 Nf6 30. Kf1 Qh2 31. Rg2 Qh1+ 32. Kf2 Nh4 33. Rxg6+ 0-1

[Event "Faogba-ch Superior"]
[Site "Moron"]
[Date "2002.08.06"]
[Round "6"]
[White "Lalanne, Pablo"]
[Black "Medina, Sergio"]
[Result "1-0"]
[WhiteElo "2027"]
[BlackElo "2142"]
[PlyCount "95"]
[EventDate "2002.07.20"]
[EventType "swiss"]
[EventRounds "9"]
[EventCountry "ARG"]
[SourceTitle "EXT 2004"]
[Source "ChessBase"]
[SourceDate "2003.11.25"]
[SourceVersion "1"]
[SourceVersionDate "2003.11.25"]
[SourceQuality "1"]

1. d4 Nf6 2. c4 g6 3. Nc3 Bg7 4. e4 d6 5. f3 Nc6 6. Be3 a6 7. Nge2 Rb8 8. Qd2 0-0 9. h4 h5 10. 0-0-0 b5 11. Nd5 bxc4 12. Nxf6+ exf6 13. g4 c3 14. Nxc3 Ne7 15. gxh5 gxh5 16. Bc4 c6 17. Rhg1 d5 18. Bh6 Ng6 19. exd5 cxd5 20. Bxd5 Bf5 21. Bxg7 Kxg7 22. Be4 Qc8 23. Qc2 Bxe4 24. fxe4 Qh3 25. Qf2 Rfc8 26. Rg3 Qe6 27. Kb1 Kf8 28. Rf3 Qe7 29. Rf1 Nh8 30. Qd2 Qb4 31. Qh6+ Ke8 32. Qd2 a5 33. Rd3 Qc4 34. Nd5 f5 35. Re1 f4 36. Rc3 Qa4 37. Rxc8+ Rxc8 38. Nb6 Qc6 39. Nxc8 Qxc8 40. Qxf4 Ng6 41. Qf6 Qc4 42. Rc1 Qd3+ 43. Ka1 Qxe4 44. Rc8+ Kd7 45. Rd8+ Kc7 46. Qd6+ Kb7 47. Rb8+ Ka7 48. Qb6# 1-0

[Event "Faogba-ch Superior"]
[Site "Moron"]
[Date "2002.07.27"]
[Round "3"]
[White "Medina, Sergio"]
[Black "Cabrera Pando, Ramiro"]
[Result "1-0"]
[WhiteElo "2142"]
[BlackElo "2104"]
[PlyCount "40"]
[EventDate "2002.07.20"]
[EventType "swiss"]
[EventRounds "9"]
[EventCountry "ARG"]
[SourceTitle "EXT 2004"]
[Source "ChessBase"]
[SourceDate "2003.11.25"]
[SourceVersion "1"]
[SourceVersionDate "2003.11.25"]
[SourceQuality "1"]

1. d4 d5 2. c4 e6 3. g3 Nf6 4. Bg2 Be7 5. Nf3 0-0 6. 0-0 dxc4 7. a4 c5 8. dxc5 Qa5 9. Qc2 Qxc5 10. Na3 Nc6 11. Be3 Qh5 12. Nxc4 e5 13. Bg5 Bf5 14. Qxf5 h6 15. Ncxe5 g6 16. Nxg6 fxg6 17. Qe6+ Kh7 18. Bf4 g5 19. Bd2 Rae8 20. Qb3 Ng4 1-0

[Event "Moron Philidor sim"]
[Site "Moron"]
[Date "2002.06.13"]
[Round "4"]
[White "Petrone, Omar"]
[Black "Medina, Sergio"]
[Result "1/2-1/2"]
[WhiteElo "2195"]
[BlackElo "1985"]
[PlyCount "56"]
[EventDate "2002.05.24"]
[EventType "simul"]
[EventRounds "1"]
[EventCountry "ARG"]
[SourceTitle "EXT 2005"]
[Source "ChessBase"]
[SourceDate "2004.11.15"]
[SourceVersion "1"]
[SourceVersionDate "2004.11.15"]
[SourceQuality "1"]

1. Nf3 Nf6 2. g3 g6 3. b3 Bg7 4. Bb2 0-0 5. Bg2 d5 6. 0-0 c6 7. c4 a5 8. cxd5 Nxd5 9. Bxg7 Kxg7 10. d4 Bf5 11. Re1 Be4 12. Nbd2 Bxf3 13. Nxf3 Na6 14. e4 Nf6 15. e5 Nd5 16. e6 f6 17. Nd2 Nc3 18. Qc2 Nb5 19. Nf3 Nxd4 20. Qc3 Nb5 21. Qb2 Nb4 22. Rad1 Nd3 23. Qb1 Nxe1 24. Rxd8 Nxf3+ 25. Bxf3 Rfxd8 26. Kg2 Rd6 27. a4 Nd4 28. Bg4 c5 1/2-1/2

[Event "Moron Philidor sim"]
[Site "Moron"]
[Date "2002.05.26"]
[Round "3"]
[White "Ucha, Luis"]
[Black "Medina, Sergio"]
[Result "1/2-1/2"]
[WhiteElo "2015"]
[BlackElo "1985"]
[PlyCount "56"]
[EventDate "2002.05.24"]
[EventType "simul"]
[EventRounds "1"]
[EventCountry "ARG"]
[SourceTitle "EXT 2005"]
[Source "ChessBase"]
[SourceDate "2004.11.15"]
[SourceVersion "1"]
[SourceVersionDate "2004.11.15"]
[SourceQuality "1"]

1. e4 d5 2. exd5 Nf6 3. d4 Bg4 4. Bb5+ Nbd7 5. f3 Bf5 6. c4 a6 7. Ba4 b5 8. cxb5 Nxd5 9. Nc3 Nb4 10. bxa6 Rxa6 11. Nge2 Nd3+ 12. Kf1 e5 13. Bb5 Nxc1 14. Bxa6 Nxe2 15. Qxe2 Be7 16. Nd5 Bd6 17. dxe5 Bc5 18. g4 Be6 19. Nf4 0-0 20. Nxe6 fxe6 21. Rd1 Qa8 22. Kg2 Nxe5 23. Rhf1 Ng6 24. Qxe6+ Kh8 25. Kg3 Nf4 26. Qc4 Bd6 27. Rxd6 cxd6 28. Bb5 d5 1/2-1/2